Gypsies in the Ottoman Empire : a contribution to the history of the Balkans

Αποθηκεύτηκε σε:
Λεπτομέρειες βιβλιογραφικής εγγραφής
Κύριος συγγραφέας: Marushiakova, Elena
Συγγραφή απο Οργανισμό/Αρχή: Centre de recherches tsiganes (Universite Rene Descartes)
Άλλοι συγγραφείς: Popov, Veselin, Kenrick, Donald (Επιμελητής έκδοσης)
Μορφή: Βιβλίο
Γλώσσα:English
Δημοσίευση: Paris : Hatfield, Hertfordshire, UK : Centre de recherches tsiganes, University of Hertfordshire Press, 2001
Σειρά:Interface collection ; ; 22
Θέματα:
Ετικέτες: Προσθήκη ετικέτας
Δεν υπάρχουν, Καταχωρήστε ετικέτα πρώτοι!

MARC

LEADER 00000nam a2200000 i 4500
001 1/50421
008 040309s2001 eng d
020 |a 1-902806-02-6 
035 |l 10072580 
040 |a GR-MY-UA  |b gre  |e aacr 
041 0 |a eng 
082 0 |a 305.891497  |2 (22) 
100 1 |a Marushiakova, Elena. 
245 1 0 |a Gypsies in the Ottoman Empire :  |b a contribution to the history of the Balkans /  |c Elena Marushiakova, Vessselin Popov ; translated by Olga Apostolova; edited by Donald Kenrick 
260 |a Paris :   |a Hatfield, Hertfordshire, UK :   |b Centre de recherches tsiganes,   |b University of Hertfordshire Press,   |c 2001 
300 |a 108 σ.;  |b εικ., χαρτ.;  |c 24 εκ. 
490 1 |a Interface collection  |v ; 22 
504 |a Περιέχει βιβλιογραφία 
650 0 0 |a Romanies  |z Balkan Peninsula  |x History. 
650 0 0 |a Romanies  |z Turkey  |x History. 
651 0 |a Turkey  |x History  |y Ottoman Empire, 1288-1918. 
700 1 |a Popov, Veselin. 
700 1 |a Kenrick, Donald.  |4 edt 
710 2 |a Centre de recherches tsiganes (Universite Rene Descartes) 
830 0 |a Interface collection ;  |v ; 22 
852 |a INST  |b LESVOS  |e 20040309  |h 305.891497 MAR  |p 005100030556  |q 005100030556  |t BK  |y 0 
852 |a INST  |b LESVOS  |e 20050628  |h 305.891497 MAR  |p 005100032225  |q 005100032225  |t BK  |y 0 
901 |a BIBL1-2004-2 
901 |a BIBL1-2005-2 
909 |a Λ  |b 109069 
909 |a Λ  |b 121786 
920 |a ΕΠΕΑΕΚ ΠΜΣ ΓΥΝΑΙΚΕΣ KAI ΦΥΛΑ  |y ΛΕΣΒΟΣ  |z 2005-06 
922 |a 1ΕΛΗ  |b 200402  |c ΤΑΚ/ΤΚΑ  |d ΠΑΠΑΣΩΤΗΡΙΟΥ & ΕΛΕΥΘΕΡΟΥΔΑΚΗΣ 
950 |a 117-2003-12-03 
970 |a ΧΡΙΣΤΟΦΑ  |b ΝΙΚΗ  |z 2004/05/18